000 01787cam a22003614i 4500
003 PE-LiUPU
005 20250731184103.0
008 150623s r 000 0 d
035 _a(Sirsi) a26545
040 _aPE-LiUPU
_bspa
_cPE-LiUPU
_erda
082 0 4 _a808.23
_bM33
_221
100 1 _aMaza Pérez, Maximiliano,
_eautor.
245 1 0 _aGuión para medios audiovisuales :
_bcine, radio y televisión /
_cMaximiliano Maza Pérez.
264 1 _aMéxico, DF :
_bPearson Educación,
_c2000.
300 _a403 páginas :
_bilustraciones, gráficos ;
_c23 cm.
336 _atext
_2rdacontent
337 _aunmediated
_2rdamedia
338 _avolume
_2rdacarrier
504 _aIncluye bibliografía.
505 0 _aEl guión dramático: Drama, ficción y estructura dramática. Análisis de la estructura dramática. La estructura dramática y el medio. La adaptación. La redacción de la historia. La redacción del guión dramático.- El guión informativo: Realidad, información y estructura informativa. Productos audiovisuales informativos. Análisis y construcción de la estructura informativa. La redacción del guión informativo.
526 _aP145
526 _aP127
526 _aP97
526 _aP14
526 _aP07
541 _g004987;
650 0 4 _aGuiones cinematográficos
_xTeoría y técnica.
650 0 4 _aGuiones de televisión.
942 _2ddc
_cBOOK
949 _a808.23 M33
_wDEWEY
_c1
_i51829
_lCCODEBUL1
_mBUL
_p24.00
_r0
_sY
_tBOOK
_u2015-06-24
_xEDUCACION
_zUNKNOWN
_0COMPRA
_o.STAFF. Colección General
596 _a1
999 _a808.23 M33
_wDEWEY
_c33587
_i51829
_f2021-11-5
_g5
_lCCODEBUL1
_mBUL
_p24.00
_r0
_sY
_tBOOK
_u2015-6-24
_xBIBLIOTECA
_zUNKNOWN
_0COMPRA
_o.STAFF. Colección General
_d33587
980 _81
_gALBERTO SANCHEZ Responsable de Automatización